कलंक / (Record no. 116064)

MARC details
000 -LEADER
fixed length control field 01133nam a22002657a 4500
005 - DATE AND TIME OF LATEST TRANSACTION
control field 20170124103033.0
010 ## - LIBRARY OF CONGRESS CONTROL NUMBER
LC control number B-074137
020 ## - INTERNATIONAL STANDARD BOOK NUMBER
Terms of availability 125.00
035 ## - SYSTEM CONTROL NUMBER
System control number B-074137
037 ## - SOURCE OF ACQUISITION
Source of stock number/acquisition Cen Lib/Ret
040 ## - CATALOGING SOURCE
Original cataloging agency DPL
Language of cataloging HN
082 ## - DEWEY DECIMAL CLASSIFICATION NUMBER
Classification number
Item number कलंक
245 ## - TITLE STATEMENT
Title कलंक /
Statement of responsibility, etc अनुवादक रीमा पाराशर ; संपादक वेद प्रकाश सोनी
246 ## - VARYING FORM OF TITLE
Title proper/short title Kalankh /
Remainder of title anuvadak Reema Parashar ; Ved Prakash Soni
260 ## - PUBLICATION, DISTRIBUTION, ETC. (IMPRINT)
Place of publication, distribution, etc दिल्ली
Name of publisher, distributor, etc शब्द सागर
Date of publication, distribution, etc 2003
270 ## - ADDRESS
Address 430, महरम मोहल्ला, शाहदरा
City दिल्ली
Postal code 110032
300 ## - PHYSICAL DESCRIPTION
Extent 110पृ.
Dimensions 20सेमी (सजिल्द )
650 ## - SUBJECT ADDED ENTRY--TOPICAL TERM
Topical term or geographic name as entry element हिंदी साहित्य
General subdivision
Geographic subdivision
9 (RLIN) 102701
650 ## - SUBJECT ADDED ENTRY--TOPICAL TERM
Topical term or geographic name as entry element हिंदी साहित्य--उपन्यास
Form subdivision
9 (RLIN) 102702
650 ## - SUBJECT ADDED ENTRY--TOPICAL TERM
Topical term or geographic name as entry element Hindi literature
9 (RLIN) 102703
650 ## - SUBJECT ADDED ENTRY--TOPICAL TERM
Topical term or geographic name as entry element Hindi literature--Novel
9 (RLIN) 102704
700 ## - ADDED ENTRY--PERSONAL NAME
Personal name पाराशर, रीमा
9 (RLIN) 102705
700 ## - ADDED ENTRY--PERSONAL NAME
Personal name सोनी, वेद प्रकाश
9 (RLIN) 64636
942 ## - ADDED ENTRY ELEMENTS (KOHA)
Source of classification or shelving scheme Dewey Decimal Classification
Koha item type Hindi Books
Classification part
Call number suffix कलंक
Holdings
Withdrawn status Lost status Damaged status Not for loan Home library Current library Date acquired Source of acquisition Cost, normal purchase price Total Checkouts Full call number Barcode Date last seen Copy number Cost, replacement price Price effective from Koha item type
        Central Library Central Library 22/08/2015 Cen Lib/Ret 125.00   उ कलंक B-074137 22/08/2015 1 125.00 22/08/2015 Hindi Books

© Delhi Public Library
Hit Counter
free hit counter